Web technologies; html,javascript, php, java, jsp, asp.net, xml and ajax, black book (Record no. 576802)

000 -LEADER
fixed length control field 00432nam a22001337a 4500
020 ## - INTERNATIONAL STANDARD BOOK NUMBER
International Standard Book Number 9788177229974
082 ## - DEWEY DECIMAL CLASSIFICATION NUMBER
Classification number 006.7 WEB
100 ## - MAIN ENTRY--PERSONAL NAME
Personal name Dreamtech
9 (RLIN) 69577
245 ## - TITLE STATEMENT
Title Web technologies; html,javascript, php, java, jsp, asp.net, xml and ajax, black book
260 ## - PUBLICATION, DISTRIBUTION, ETC.
Place of publication, distribution, etc. India
Name of publisher, distributor, etc. Dreamtech
Date of publication, distribution, etc. 2018
300 ## - PHYSICAL DESCRIPTION
Extent xxviii,1354 P
650 ## - SUBJECT ADDED ENTRY--TOPICAL TERM
Topical term or geographic name entry element Web Technologies; HTML, JavaScript, PHP, Java, JSP, ASP.NET, XML and AJAX
9 (RLIN) 69578
942 ## - ADDED ENTRY ELEMENTS (KOHA)
Koha item type Book
Holdings
Withdrawn status Lost status Damaged status Not for loan Collection code Permanent Location Current Location Shelving location Date acquired Total Checkouts Full call number Barcode Date last seen Price effective from Koha item type
          College of Electrical & Mechanical Engineering (CEME) College of Electrical & Mechanical Engineering (CEME) General Stacks 09/25/2019   006.7 WEB CEME-50015 06/28/2021 06/28/2021 Book
          College of Electrical & Mechanical Engineering (CEME) College of Electrical & Mechanical Engineering (CEME) General Stacks 09/25/2019   006.7 WEB CEME-50016 06/28/2021 06/28/2021 Book
          College of Electrical & Mechanical Engineering (CEME) College of Electrical & Mechanical Engineering (CEME) General Stacks 09/25/2019   006.7 WEB CEME-50017 06/28/2021 06/28/2021 Book
          College of Electrical & Mechanical Engineering (CEME) College of Electrical & Mechanical Engineering (CEME) General Stacks 09/25/2019   006.7 WEB CEME-50018 06/28/2021 06/28/2021 Book
          College of Electrical & Mechanical Engineering (CEME) College of Electrical & Mechanical Engineering (CEME) General Stacks 09/25/2019   006.7 WEB CEME-50019 06/28/2021 06/28/2021 Book
© 2023 Central Library, National University of Sciences and Technology. All Rights Reserved.